000 00375nam a2200133Ia 4500
008 220214s9999 xx 000 0 und d
022 _a0305-9154
245 0 _aPLANT GROWTH REGULATOR ABSTRACTS
260 _bCAB International, Wallingford, London
_aUK
310 _aBM
500 _aEnding Volume & Year: 23, 1997
500 _aStarting Volume & Year: 1, 1975
942 _cBJ
999 _c12042
_d12042